100 Verbs in Spanish - Statistics

General Stats
  • This quiz has been taken 187 times
  • The average score is 33 of 100
Answer Stats
Hint Answer % Correct
To buy Comprar
94%
To cook Cocinar
90%
To drink Beber
83%
To listen Escuchar
80%
To eat Comer
79%
To work Trabajar
79%
To live Vivir
79%
To read Leer
78%
To be Estar
77%
To run Correr
74%
To write Escribir
74%
To open Abrir
73%
To clean Limpiar
72%
To prepare Preparar
71%
To believe Creer
70%
To do, to make Hacer
69%
To sell Vender
68%
To see Ver
68%
To respond Responder
66%
To decide Decidir
64%
To know Saber
64%
To draw Dibujar
63%
To leave, to go out Salir
60%
To understand Comprender
59%
To put Poner
59%
To give Dar
58%
To have Tener
56%
To fall Caer
50%
To break Romper
50%
To go down Bajar
48%
To bring Traer
47%
To suffer Sufrir
46%
To share Compartir
37%
To produce, to cause Producir
36%
To go up Subir
35%
To transalate Traducir
34%
To cover Cubrir
32%
To drive Manejar
32%
To argue, to discuss Discutir
31%
To cooperate Cooperar
29%
To pay a visit Hacer una visita
29%
To suppose Suponer
29%
To give a hug Dar un abrazo
28%
To offer Ofrecer
26%
To contain Contener
25%
To get, to obtain Obtener
25%
To fear Temer
25%
To recognize Reconocer
24%
To redo Rehacer
24%
To take out Sacar
24%
To be hungry Tener hambre
24%
To thank Agradecer
23%
To appear Aparecer
23%
To grow Crecer
23%
To keep, to maintain Mantener
23%
To be cold Tener frío
23%
To be worth, to cost Valer
23%
To be thirsty Tener sed
22%
To retain Retener
21%
To establish Establecer
20%
To be afraid Tener miedo
19%
To fit Caber
18%
To choose Elegir
18%
To be hot Hacer calor
18%
To propose, to suggest Proponer
17%
To be sunny Haber sol
16%
To undo Deshacer
15%
To distract Distraer
15%
To convince Convencer
14%
To chat Conversar
14%
To dispose Disponer
14%
To distinguish Distinguir
14%
To deserve Merecer
14%
To be right Tener razón
14%
To compose, to fix Componer
13%
To be windy Hacer viento
12%
To take, to grab Coger
10%
To sustain, to hold Sostener
10%
To add Sumar
9%
To stop Detener
8%
To belong Pertenecer
6%
To replace Reponer
6%
To be in a hurry Tener prisa
6%
To please Complacer
5%
To exert Ejercer
5%
To remain Permanecer
5%
To defeat Vencer
5%
To distribute, to hand out Repartir
4%
To demand Exigir
3%
To harm Hacer daño
3%
To tell time, to strike the hour Dar la hora
2%
One has to, one must Hay que
2%
To suffer from Padecer
2%
To take place Tener lugar
2%
To sprain Torcer
2%
To shout, to scream Dar gritos
1%
To be foggy Haber neblina
1%
To play the role of Hacer el papel de
1%
To pay attention to Poner atención
1%
To be to blame for Tener la culpa de
1%
No matching quizzes found
Score Distribution
Percent of People with Each Score
Percentile by Number Answered
Your Score History
You have not taken this quiz